00667nam a22001937a 4500999001900000005001700019010001500036020002600051035001400077037001300091082000800104100002800112245006200140260003700202270007400239300002000313942002200333952011800355 c190675d19067520220802142501.0 aENG-134164 a9788187661798c650.00 aEN-117696 bDBAB/PUB a294 aChakrabarti, Atulananda aHindus and Musalmans of India/cby Atulananda Chakrabarti aKolkatabR.N. Bhattacharyac2017 a8/17 Purbapally, SodepurbKolkatae700110mrnbbhattacharya2@gmail.com a183p.c18cm(hb) 2ddccENh294mCHA 001040708NFICaAVbAVd2022-08-02eDBAD/PUBg650.00l0o294 CHApEN-117696r2022-08-02 00:00:00t1v650.00yEN